Diseño de una estrategia para la gestión de procesos con calidad en la Oficina de Bienestar y Salud de la Universidad de Costa Rica

Guardado en:
書目詳細資料
主要作者: Cordero Sáenz, Carmen
其他作者: Hernández Fallas, Anthony, Quirós Zúñiga, Felipe
格式: 圖書
出版: [San José, Costa Rica] 2014
主題:
標簽: 添加標簽
沒有標簽, 成為第一個標記此記錄!

MARC

LEADER 00000nam a22000007a 4500
003 012072
005 20221231143854.0
008 150218b2014 cr a|||| |||| 00| ||s d
040 |c cru CEDI 
090 |a TFG 7238 
100 |9 93  |a Cordero Sáenz, Carmen 
245 |a Diseño de una estrategia para la gestión de procesos con calidad en la Oficina de Bienestar y Salud de la Universidad de Costa Rica  
260 |a [San José, Costa Rica]  |c  2014 
500 |a Proyecto de graduación (licenciatura en ingeniería industrial)--Universidad de Costa Rica. Facultad de Ingeniería. Escuela de Ingeniería Industrial 
650 |v UNIVERSIDAD DE COSTA RICA. VICERRECTORIA DE VIDA ESTUDIANTIL. OFICINA DE BIENESTAR Y SALUD. UNIDAD DE PROMOCION Y SERVICIOS DE SALUD   |v CALIDAD DEL SERVICIO  |v PLANIFICACION ESTRATEGICA - COSTA RICA   |v SERVICIOS DE SALUD - CONTROL DE CALIDAD   |x PROMOCION DE LA SALUD - COSTA RICA   |x CALIDAD DE LA ATENCION DE SALUD   |9 96 
700 |9 94  |a Hernández Fallas, Anthony  
700 |9 95  |a  Quirós Zúñiga, Felipe 
942 |c TFG 
999 |c 13539  |d 13539